000 01649pab a2200181 454500
008 180718b2017 xxu||||| |||| 00| 0 eng d
100 _aDeslatte, Aaron
245 _aContext matters: a bayesian analysis of how organizational environments shape the strategic management of sustainable development
260 _c2017
300 _ap.807-824.
520 _aPublic administration scholars have argued the need for a ムgeneral theoryメ linking strategic management to the context in which public organizations operate. Understanding the interplay between organizational contexts and strategic management responses to urban sprawl and greenhouse gas (GHG) emissions remains an underexplored avenue for empirical advancement of this goal. Using 2015 survey data, we employ a novel Bayesian item response theory (IRT) approach to test how land use policy comprehensiveness, organizational capacities, leadership turnover, and environmental complexities affect the strategic management of smart growth policy in local governments. We find that public organizations harness political, administrative, and community capacities in varied combinations to better achieve their policy objectives, but these influences may not be complementary. Also, policy comprehensiveness generally relates to more strategic activity, while municipal executive turnover offers opportunities and threats to some smart growth strategies. Implications of this research are discus
650 _aSustainable development
650 _aStrategic planning
650 _aOrganizations
700 _aSwann, William L.
773 _aPublic Administration
909 _a116297
999 _c116291
_d116291